000 00499nam a2200169Ia 4500
003 GCL
008 140319s9999 xx 000 0 eng d
040 _aGCL /
_cGCL
082 0 4 _a839.8226
_bM C
100 1 _aMC FARLANE, JAMES (EDIT)
245 1 0 _aTHE CAMBRIDGE COMPANIONS TO IBSEN /
_cMC FARLANE, JAMES (EDIT)
260 _a[S.N] :
_bCOMBRIDGE UNIVERSITY PRESS ،
_c1994
300 _a271 P
650 0 4 _aCRITICISM AND INTER PRETATION
650 0 4 _aIBSEN, HENRIK 1828 - 1906
942 _2ddc
_cBK
999 _c17513
_d17513